Sustainable agriculture research and education in the field : (Record no. 332409)
[ view plain ]
| 000 -LEADER | |
|---|---|
| fixed length control field | 01254nam a2200289 a 4500 |
| 001 - CONTROL NUMBER | |
| control field | 4854387 |
| 003 - CONTROL NUMBER IDENTIFIER | |
| control field | NUST |
| 005 - DATE AND TIME OF LATEST TRANSACTION | |
| control field | 20171204101315.0 |
| 008 - FIXED-LENGTH DATA ELEMENTS--GENERAL INFORMATION | |
| fixed length control field | 910628s1991 dcua b 100 0 eng |
| 010 ## - LIBRARY OF CONGRESS CONTROL NUMBER | |
| LC control number | 91062492 |
| 020 ## - INTERNATIONAL STANDARD BOOK NUMBER | |
| International Standard Book Number | 0309045789 |
| 040 ## - CATALOGING SOURCE | |
| Original cataloging agency | DLC |
| Transcribing agency | DLC |
| 043 ## - GEOGRAPHIC AREA CODE | |
| Geographic area code | n-us--- |
| 050 00 - LIBRARY OF CONGRESS CALL NUMBER | |
| Classification number | S541 |
| Item number | .S87 1991 |
| 082 ## - DEWEY DECIMAL CLASSIFICATION NUMBER | |
| Classification number | 632.6 NRC |
| 245 00 - TITLE STATEMENT | |
| Title | Sustainable agriculture research and education in the field : |
| Remainder of title | a proceedings / |
| Statement of responsibility, etc. | Board on Agriculture, National Research Council. |
| 260 ## - PUBLICATION, DISTRIBUTION, ETC. | |
| Place of publication, distribution, etc. | Washington, D.C. : |
| Name of publisher, distributor, etc. | National Academy Press, |
| Date of publication, distribution, etc. | 1991. |
| 300 ## - PHYSICAL DESCRIPTION | |
| Extent | ix, 437 p. : |
| Other physical details | ill. ; |
| Dimensions | 23 cm. |
| 500 ## - GENERAL NOTE | |
| General note | Papers based on a workshop held in Washington, D.C., Apr. 3-4, 1990. |
| 501 ## - WITH NOTE | |
| With note | P.B |
| 504 ## - BIBLIOGRAPHY, ETC. NOTE | |
| Bibliography, etc. note | Includes bibliographical references. |
| 650 #0 - SUBJECT ADDED ENTRY--TOPICAL TERM | |
| Topical term or geographic name entry element | Sustainable agriculture |
| General subdivision | Research |
| Geographic subdivision | United States |
| General subdivision | Congresses. |
| 9 (RLIN) | 6898 |
| 650 #0 - SUBJECT ADDED ENTRY--TOPICAL TERM | |
| Topical term or geographic name entry element | Sustainable agriculture |
| General subdivision | Study and teaching |
| Geographic subdivision | United States |
| General subdivision | Congresses. |
| 9 (RLIN) | 6899 |
| 650 #0 - SUBJECT ADDED ENTRY--TOPICAL TERM | |
| Topical term or geographic name entry element | Sustainable agriculture |
| Geographic subdivision | United States |
| General subdivision | Congresses. |
| 9 (RLIN) | 6900 |
| 710 2# - ADDED ENTRY--CORPORATE NAME | |
| Corporate name or jurisdiction name as entry element | National Research Council (U.S.). |
| Subordinate unit | Board on Agriculture. |
| 9 (RLIN) | 6901 |
| 906 ## - LOCAL DATA ELEMENT F, LDF (RLIN) | |
| a | 7 |
| b | cbc |
| c | orignew |
| d | 2 |
| e | opcn |
| f | 19 |
| g | y-gencatlg |
| 942 ## - ADDED ENTRY ELEMENTS (KOHA) | |
| Source of classification or shelving scheme | |
| Koha item type | Book |
| Call number prefix | IESE |
| Withdrawn status | Lost status | Source of classification or shelving scheme | Damaged status | Not for loan | Collection code | Permanent Location | Current Location | Shelving location | Date acquired | Total Checkouts | Full call number | Barcode | Date last seen | Price effective from | Koha item type |
|---|---|---|---|---|---|---|---|---|---|---|---|---|---|---|---|
| Institute of Environmental Science and Engineering (IESE) | Institute of Environmental Science and Engineering (IESE) | General Stacks | 12/04/2017 | 632.6 NRC | IESE-2523 | 12/04/2017 | 12/04/2017 | Book |
